| 000 | 00526nam a2200193Ia 4500 | ||
|---|---|---|---|
| 005 | 20251006225606.0 | ||
| 008 | 251006t2000||||xx |||||||||||||| ||und|| | ||
| 040 | _aCBC | ||
| 100 | _aFaust, Franz Xaver | ||
| 100 | _aSchindler, Helmut | ||
| 245 | _aRelaciones interétnicas de los curanderos en el suroccidente colombiano | ||
| 300 | _ap. 281-294 | ||
| 650 | _aCURANDERISMO | ||
| 650 | _aCURANDEROS | ||
| 650 | _aPLANTAS MEDICINALES | ||
| 651 | _aCOLOMBIA | ||
| 773 | _aAnthropológica No. 18 (2000) | ||
| 942 | _tMJCh | ||
| 999 |
_c14014 _d14014 |
||